| 000 | 01012 a2200301 4500 | ||
|---|---|---|---|
| 001 | 200129483 | ||
| 999 |
_c200129483 _d31541 |
||
| 003 | TR-AnTOB | ||
| 005 | 20240904074057.0 | ||
| 008 | 130524e2003 tu 001 0 | ||
| 020 | _a9759247208 | ||
| 040 | _aTR-AnTOB | ||
| 041 | _atur | ||
| 050 | 0 |
_aKKX1050 _b.M67 2003 |
|
| 090 | _aKKX1050 .M67 2003 | ||
| 100 | 1 |
_aMoroğlu, Erdoğan _934378 |
|
| 245 | 0 | 0 |
_aAnonim ortaklıklarda esas sermaye artırımı / _cErdoğan Moroğlu. |
| 250 | _agncl. 2. bs. | ||
| 264 | 1 |
_aİstanbul: _bVedat, _c2003. |
|
| 300 |
_axxii, 417 p.; _c24 cm. |
||
| 490 | 0 | _aYayın no; 1. | |
| 500 | _aGüncelleştirilmiş ve genişletilmiş 2. baskı | ||
| 504 | _aIncludes bibliographical references and index. | ||
| 505 | _a1. Kısım: Sabit esas sermaye sistemine göre sermaye artırımı -- 2. Kısım: Kayıtlı sermaye sistemine göre sermaye artırımı. | ||
| 650 | 7 |
_aŞirketler hukuku _zTürkiye _2etuturkob _9107934 |
|
| 650 | 0 |
_aCorporation law _zTurkey _990066 |
|
| 942 | _cBK | ||